000 00607nam a2200217Ia 4500
005 20250508150407.0
008 008 250505s9999 xx 000 0 eng d
037 _aTextual
040 _aFEDL
_beng
_cFEDL
041 _aeng
_2eng
084 _a150.72, BOR
_qFEDL
100 _aBoring Edwin G
245 0 _aHistory of experimental psychology
260 _aNew York, USA
_bD. Appleton-Century Company
_c1929
300 _axvi,699p
365 _aINR
_b24
490 _aThe century psychology series
650 _aPsychology
942 _cTEXL
_h150.72, BOR
999 _c1323393
_d1323393